000 00958cam a2200265 4500
001 ABS64818
008 011123n2001 000 0 eng u
035 _a(Sirsi) u115717
100 _aRandall, B.
245 _aControl freak
260 _c2001
490 _aHousing
_v October 2001, 20-22(2)
520 _aArgues that government should introduce rent controls under a similar system to European countries, where tenants are living in high quality, affordable private rented housing in the centre of major cities. Compares and contrasts the cost of renting in Sweden and Germany with London.
590 _aABS
650 _aSWEDEN
650 _aLONDON
650 _aEUROPEAN CITIES
650 _aPRIVATE RENTED HOUSING
650 _aRENT CONTROLS
650 _aGERMANY
650 _aRENT INCREASES
690 _aPROPERTY-RESIDENTIAL PROPERTY-RESIDENTIAL LANDLORD AND TENANT-RESIDENTIAL TENANCIES
700 _aGuttner, J.
942 _n0
999 _c68926
_d68926